|
|
|
|
| LEADER |
00000nam0a2200000 4500 |
| 001 |
16123 |
| 005 |
20231030190429.0 |
| 035 |
|
|
|a (RuTPU)RU\TPU\book\16245
|
| 035 |
|
|
|a BOOK00000933
|
| 090 |
|
|
|a 16123
|
| 100 |
|
|
|a 20011209d1959 k y0rusy50 ca
|
| 101 |
0 |
|
|a rus
|
| 102 |
|
|
|a RU
|
| 105 |
|
|
|a a z 000zy
|
| 200 |
1 |
|
|a Сибирский революционный комитет (Сибревком). Август 1919 - декабрь 1925
|e Сборник документов и материалов
|f Государственный архив Новосибирской области, Архивный отдел УВД при Новосибирском Облисполкоме
|
| 210 |
|
|
|a Новосибирск
|c Кн. изд-во
|d 1959
|
| 215 |
|
|
|a 658 с.
|c ил., карта
|
| 610 |
1 |
|
|a история
|
| 610 |
1 |
|
|a Сибирь
|
| 610 |
1 |
|
|a Сибревком
|
| 610 |
1 |
|
|a 20 век
|
| 610 |
1 |
|
|a Сибирский революционный комитет
|
| 675 |
|
|
|a 9(с)22
|v 3
|
| 686 |
|
|
|a Т3(253)-3
|v LBC/SL-A
|2 rubbk
|
| 686 |
|
|
|a Т3(2)61
|v LBC/SL-A
|2 rubbk
|
| 686 |
|
|
|a Т3(2)613
|v LBC/SL-A
|2 rubbk
|
| 712 |
0 |
1 |
|a Новосибирская область
|b Государственный архив
|b Архивный отдел УВД при Новосибирском Облисполкоме
|2 stltpush
|3 (RuTPU)RU\TPU\col\3277
|
| 801 |
|
0 |
|a RU
|b 63413507
|c 20011209
|g PSBO
|
| 801 |
|
2 |
|a RU
|b 63413507
|c 20130201
|g PSBO
|
| 942 |
|
|
|c BK
|